00598nam a2200157 a 450000100100000000500170001000800410002702000180006804000250008610000300011124501540014126000360029530000210033150000580035250400300041000004596220201002052540.0150603s2015 dr 000 0 spa d a9789945082821 aDO-SdBNPbspacBNPHU1 aNicasio Rodríguez, Irma10aManual de metodología de investigación :baplicada a las ciencias sociales y jurídicas con perspectiva de género /cIrma Nicasio Rodríguez. aSanto Domingo :bBúho,c2015. a321 p. ;c26 cm. aIncluye datos biográficos de la autora en la solapa aBibliografía p: 319-321